000 00508nam a2200181Ia 4500
999 _c14257
_d14257
003 OSt
005 20201016114622.0
008 190216s9999||||xx |||||||||||||| ||und||
020 _a9780460874977
040 _coclc
082 _a823.8
_bTRO/P
100 _aTrollope, Anthony
_94969
245 0 _aPhineas Finn /
_cAnthony Trollope
260 _bEveryman Reference Library ,
_aLondon:
_c1997.
300 _a698p
650 _aEnglish
942 _cBK
_2ddc
_h823.8
_iTRO/P
_k823.8
_mTRO/P